Towards a successful claim (Record no. 70246)

MARC details
000 -LEADER
fixed length control field 00874cam a2200229 4500
001 - CONTROL NUMBER
control field ABS65461
008 - FIXED-LENGTH DATA ELEMENTS--GENERAL INFORMATION
fixed length control field 020514n2002 000 0 eng u
035 ## - SYSTEM CONTROL NUMBER
System control number (Sirsi) u117955
100 ## - MAIN ENTRY--PERSONAL NAME
Personal name McNeill, G.
245 ## - TITLE STATEMENT
Title Towards a successful claim
260 ## - PUBLICATION, DISTRIBUTION, ETC.
Date of publication, distribution, etc. 2002
490 ## - SERIES STATEMENT
Series statement Contract Journal
Volume/sequential designation 413(6375) 1 May 2002, 16-17(2)
520 ## - SUMMARY, ETC.
Summary, etc. Gives a brief how-to guide relevant for small-to-medium sized contractors which advises how to increase the chance of putting together a successful claim. Gives pointers for checklists ranging from an Information schedule checklist; Possible delay checklist and the Claim checklist.
590 ## - LOCAL NOTE (RLIN)
Local note ABS
650 ## - SUBJECT ADDED ENTRY--TOPICAL TERM
Topical term or geographic name entry element CONSTRUCTION LITIGATION
650 ## - SUBJECT ADDED ENTRY--TOPICAL TERM
Topical term or geographic name entry element Contracts
9 (RLIN) 6232
650 ## - SUBJECT ADDED ENTRY--TOPICAL TERM
Topical term or geographic name entry element CLAIMS
650 ## - SUBJECT ADDED ENTRY--TOPICAL TERM
Topical term or geographic name entry element CONTRACT DOCUMENTATION
650 ## - SUBJECT ADDED ENTRY--TOPICAL TERM
Topical term or geographic name entry element CHECKLISTS
690 ## - LOCAL SUBJECT ADDED ENTRY--TOPICAL TERM (OCLC, RLIN)
Topical term or geographic name as entry element BUILT ENVIRONMENT-BUILDING CONTRACT FORMS
942 ## - ADDED ENTRY ELEMENTS (KOHA)
Suppress in OPAC 0
Holdings
Withdrawn status Lost status Source of classification or shelving scheme Damaged status Not for loan Home library Current library Shelving location Date acquired Total Checkouts Full call number Barcode Date last seen Copy number Price effective from Koha item type
    Dewey Decimal Classification     London London Journal article 14/05/2002   ABS65461 117955-1001 06/08/2019 1 06/08/2019 Journal article